Proč nemáme rádi inflaci?

Pohľad na infláciu v ekonomickej teórii.

Gespeichert in:
Bibliographische Detailangaben
1. Verfasser: Kotlán, Viktor
Format: Buchkapitel
Sprache:Tschechisch
Schlagworte:
Tags: Tag hinzufügen
Keine Tags, Fügen Sie das erste Tag hinzu!

MARC

LEADER 00000naa a2200000 4500
001 0246461
005 20180718100645.5
041 0 |a cze 
044 |a CZ 
245 1 0 |a Proč nemáme rádi inflaci?  |c Viktor Kotlán 
520 |a Pohľad na infláciu v ekonomickej teórii. 
610 2 0 |a dejiny teórií ekonomických 
610 2 0 |a inflácia 
610 2 0 |a teórie ekonomické 
100 1 |a Kotlán, Viktor